|
|
|
|
| LEADER |
00000cam a22000004a 4500 |
| 001 |
musev2_38556 |
| 003 |
MdBmJHUP |
| 005 |
20230905044042.0 |
| 006 |
m o d |
| 007 |
cr||||||||nn|n |
| 008 |
150217t19791979nju o 00 0 eng d |
| 010 |
|
|
|z 78051174
|
| 020 |
|
|
|a 9781400869800
|
| 020 |
|
|
|z 9780691602172
|
| 020 |
|
|
|z 9780691075990
|
| 020 |
|
|
|z 9780691631714
|
| 020 |
|
|
|z 9780691100760
|
| 035 |
|
|
|a (OCoLC)933516184
|
| 040 |
|
|
|a MdBmJHUP
|c MdBmJHUP
|
| 100 |
1 |
|
|a Kim, Samuel S.,
|d 1935-
|e author.
|
| 245 |
1 |
0 |
|a China, the United Nations and World Order /
|c Samuel S. Kim.
|
| 264 |
|
1 |
|a Princeton, New Jersey :
|b Princeton University Press,
|c 1979.
|
| 264 |
|
3 |
|a Baltimore, Md. :
|b Project MUSE,
|c 2016
|
| 264 |
|
4 |
|c ©1979.
|
| 300 |
|
|
|a 1 online resource (608 pages):
|b illustrations, tables.
|
| 336 |
|
|
|a text
|b txt
|2 rdacontent
|
| 337 |
|
|
|a computer
|b c
|2 rdamedia
|
| 338 |
|
|
|a online resource
|b cr
|2 rdacarrier
|
| 490 |
0 |
|
|a Princeton Legacy Library
|
| 588 |
|
|
|a Description based on print version record.
|
| 610 |
2 |
7 |
|a United Nations.
|2 fast
|0 (OCoLC)fst00530351
|
| 610 |
2 |
0 |
|a United Nations
|z China.
|
| 650 |
|
7 |
|a World politics.
|2 fast
|0 (OCoLC)fst01181381
|
| 650 |
|
7 |
|a Diplomatic relations.
|2 fast
|0 (OCoLC)fst01907412
|
| 650 |
|
7 |
|a POLITICAL SCIENCE
|x International Relations
|x General.
|2 bisacsh
|
| 650 |
|
7 |
|a POLITICAL SCIENCE
|x Government
|x International.
|2 bisacsh
|
| 650 |
|
7 |
|a HISTORY
|x General.
|2 bisacsh
|
| 650 |
|
6 |
|a Politique mondiale
|y 1975-1985.
|
| 650 |
|
0 |
|a World politics
|y 1975-1985.
|
| 651 |
|
7 |
|a China.
|2 fast
|0 (OCoLC)fst01206073
|
| 651 |
|
6 |
|a Chine
|x Relations exterieures
|y 1976-
|
| 651 |
|
0 |
|a China
|x Foreign relations
|y 1976-
|
| 655 |
|
7 |
|a Electronic books.
|2 local
|
| 710 |
2 |
|
|a Project Muse.
|e distributor
|
| 830 |
|
0 |
|a Book collections on Project MUSE.
|
| 856 |
4 |
0 |
|z Texto completo
|u https://projectmuse.uam.elogim.com/book/38556/
|
| 945 |
|
|
|a Project MUSE - Custom Collection
|
| 945 |
|
|
|a Project MUSE - Archive Complete Supplement IV
|
| 945 |
|
|
|a Project MUSE - Archive Political Science and Policy Studies Supplement IV
|
| 945 |
|
|
|a Project MUSE - Archive Asian and Pacific Studies Supplement III
|